000 00997cam a2200265 a 4500
001 000011706
005 20240506193024.0
008 750728s1946 mx 000 0 spa
040 _aDO-SdBNP
_bspa
_cNAlU
_dBNPHU
082 _a613.2
_bC355a
100 1 _aCastro, Josué de,
_d1908-1973
_927742
245 1 3 _aLa alimentación en los trópicos /
_cJosué de Castro; traducción del original inédito por Alfonso Reyes Mota.
260 _aMéxico :
_bFondo de cultura económica,
_c1946.
300 _a204 p. :
_bil., mapas ;
_c22 cm.
490 1 _aTierra firme
_v18
500 _aTraducción del original inédito por el dr. Alfonso Reyes Mota.
504 _aIncluye referencias bibliográficas (p. 197-201)
650 4 _aAlimentación tropical
_927743
650 4 _aSuministro de alimentos
_927744
650 0 _aNutrición
_912779
700 1 _aReyes Mota, Alfonso,
_d1889-1959
_etr.
_927745
830 0 _aTierra firme ;
_v18
_93671
910 _aCatalogación por copia / LC
049 _aBNGR
999 _c11384
_d11384